| 000 | 00427cam a22001457a 4500 | ||
|---|---|---|---|
| 008 | 180718b1980 xxu||||| |||| 00| 0 eng d | ||
| 082 | _aL64 P985 | ||
| 245 |
_aProject evaluation criteria and cost-benefit analysis _cedited by K. Puttaswamaiah |
||
| 260 |
_aDelhi _bOxford _c1980 |
||
| 300 | _a159p. | ||
| 650 | _a(Written off) | ||
| 650 | _aProject management | ||
| 650 | _aCost-benefit analysis | ||
| 700 | _aPuttaswamaiah, K. | ||
| 999 |
_c352015 _d352015 |
||